00353nam a2200133 a 4500008004100000050001600041100002400057245002900081260003700110300001900147350000900166650001500175650002900190120416s1979 ||||||||||||||||| || u aHD 58.7 Hod aHodgetts, Richard M10aOrganizational Behaviour aPhiladelphiabW.B. Sandersc1979 ax, 419p. : ill a0.00 0aMANAGEMENT aORGANIZATIONAL BEHAVIOUR